|
|
|
|
| LEADER |
01981nam a2200469 i 4500 |
| 001 |
EBC1395472 |
| 003 |
MiAaPQ |
| 005 |
20200520144314.0 |
| 006 |
m o d | |
| 007 |
cr cnu|||||||| |
| 008 |
140527t20122012enka ob 001 0 eng d |
| 020 |
|
|
|z 9780415628877
|
| 020 |
|
|
|a 9780203722381
|q (electronic bk.)
|
| 035 |
|
|
|a (MiAaPQ)EBC1395472
|
| 035 |
|
|
|a (Au-PeEL)EBL1395472
|
| 035 |
|
|
|a (CaPaEBR)ebr10872858
|
| 035 |
|
|
|a (CaONFJC)MIL761921
|
| 035 |
|
|
|a (OCoLC)867926080
|
| 040 |
|
|
|a MiAaPQ
|b eng
|e rda
|e pn
|c MiAaPQ
|d MiAaPQ
|
| 050 |
|
4 |
|a HF5415.1265
|b .N49 2012
|
| 082 |
0 |
|
|a 658.872
|2 23
|
| 245 |
0 |
0 |
|a New developments in online marketing /
|c edited by Stephen Tagg, Alan Stevenson and Tiziano Vescovi.
|
| 264 |
|
1 |
|a Oxfordshire, England ;
|a New York :
|b Routledge,
|c 2012.
|
| 264 |
|
4 |
|c 2012
|
| 300 |
|
|
|a 1 online resource (225 pages) :
|b illustrations.
|
| 336 |
|
|
|a text
|2 rdacontent
|
| 337 |
|
|
|a computer
|2 rdamedia
|
| 338 |
|
|
|a online resource
|2 rdacarrier
|
| 490 |
1 |
|
|a Key Issues in Marketing Management
|
| 504 |
|
|
|a Includes bibliographical references at the end of each chapters and index.
|
| 588 |
|
|
|a Description based on online resource; title from PDF cover (ebrary, viewed May 26, 2014).
|
| 590 |
|
|
|a Electronic reproduction. Ann Arbor, MI : ProQuest, 2015. Available via World Wide Web. Access may be limited to ProQuest affiliated libraries.
|
| 650 |
|
0 |
|a Internet marketing.
|
| 650 |
|
0 |
|a Social media.
|
| 655 |
|
4 |
|a Electronic books.
|
| 700 |
1 |
|
|a Tagg, Stephen,
|e editor.
|
| 700 |
1 |
|
|a Stevenson, Alan,
|e editor.
|
| 700 |
1 |
|
|a Vescovi, Tiziano,
|e editor.
|
| 776 |
0 |
8 |
|i Print version:
|t New developments in online marketing.
|d Oxfordshire, England ; New York : Routledge, c2012
|h xiii, 205 pages
|k Key Issues in Marketing Management
|z 9780415628877
|
| 797 |
2 |
|
|a ProQuest (Firm)
|
| 830 |
|
0 |
|a Key issues in marketing management.
|
| 856 |
4 |
0 |
|u https://ebookcentral.proquest.com/lib/matrademy/detail.action?docID=1395472
|z Click to View
|